Безопасность жизнедеятельности (чрезвычайные ситуации) (Запись № 10835140)
[ простой вид ]
| 000 -МАРКЕР | |
|---|---|
| контрольное поле | 02034nam0a2200313 i 4500 |
| 001 - ИДЕНТИФИКАТОР ЗАПИСИ | |
| контрольное поле | RU\NLR\BIBL_A\011590423 |
| 005 - ИДЕНТИФИКАТОР ВЕРСИИ | |
| контрольное поле | 20240921180243.0 |
| 021 ## - НОМЕР ГОСУДАРСТВЕННОЙ РЕГИСТРАЦИИ | |
| Код страны | российская федерация |
| Номер | 2017-96007 |
| Номер Листа государственной регистраци | 6898 |
| 021 ## - НОМЕР ГОСУДАРСТВЕННОЙ РЕГИСТРАЦИИ | |
| Код страны | российская федерация |
| Номер | 2017-96007 |
| Номер Листа государственной регистраци | КН-П-1558 |
| 035 ## - ДРУГИЕ СИСТЕМНЫЕ НОМЕРА | |
| Идентификатор записи | (RuMoRGB)009489307 |
| 035 ## - ДРУГИЕ СИСТЕМНЫЕ НОМЕРА | |
| Идентификатор записи | (NLR Aleph) 011590423 |
| 100 ## - ДАННЫЕ ОБЩЕЙ ОБРАБОТКИ | |
| Данные общей обработки | 20180111d2017 u y0rusy50 ca |
| 101 0# - ЯЗЫК РЕСУРСА | |
| Язык текста, звукозаписи и т.д. | русский |
| 102 ## - СТРАНА ПУБЛИКАЦИИ ИЛИ ПРОИЗВОДСТВА | |
| Страна публикации | российская федерация |
| 105 ## - ПОЛЕ КОДИРОВАННЫХ ДАННЫХ: ТЕКСТОВЫЕ МАТЕРИАЛЫ, МОНОГРАФИЧЕСКИЕ | |
| Кодированные данные о монографическом текстовом документе | a|||j|||000zy |
| 200 1# - ЗАГЛАВИЕ И СВЕДЕНИЯ ОБ ОТВЕТСТВЕННОСТИ | |
| Основное заглавие | Безопасность жизнедеятельности (чрезвычайные ситуации) |
| Сведения, относящиеся к заглавию | учебно-методическое пособие для всех специальностей |
| Первые сведения об ответственности | В.И. Савинов, И.Б. Кочнева, А.Н. Каленков |
| Последующие сведения об ответственности | Федеральное агентство морского и речного транспорта, Федеральное государственное бюджетное образовательное учреждение высшего образования "Волжский государственный университет водного транспорта", Кафедра охраны окружающей среды и производственной безопасности |
| 210 ## - ПУБЛИКАЦИЯ, РАСПРОСТРАНЕНИЕ И ДР. | |
| Место издания, распространения и т.д. | Нижний Новгород |
| Имя издателя, распространителя и т. д. | Изд-во ФГОБОУ ВО "ВГУВТ" |
| Дата издания, распространения и т.д. | 2017 |
| 215 ## - ФИЗИЧЕСКАЯ ХАРАКТЕРИСТИКА | |
| Специфическое обозначение материала и объем | 195 с. |
| Другие сведения о физической характеристике | ил., табл. |
| Размеры | 20 |
| 320 ## - ПРИМЕЧАНИЯ О НАЛИЧИИ В ДОКУМЕНТЕ БИБЛИОГРАФИИ / УКАЗАТЕЛЯ | |
| Текст примечания | Библиогр.: с. 185 (10 назв.) |
| 606 1# - НАИМЕНОВАНИЕ ТЕМЫ КАК ПРЕДМЕТ | |
| Наименование темы | Чрезвычайные ситуации |
| Формальный подзаголовок | Учебно-методические пособия для высших учебных заведений |
| Тематический подзаголовок | Безопасность жизнедеятельности |
| Системный номер авторитетной/нормативной записи | 2083092 |
| Идентификатор авторитетной/нормативной записи | RU\NLR\AUTH\661259141 |
| 686 1# - ИНДЕКСЫ ДРУГИХ КЛАССИФИКАЦИЙ | |
| Индекс | Ц69,6(2Р)0я73-1 |
| 700 #1 - ИМЯ ЛИЦА - ПЕРВИЧНАЯ ОТВЕТСТВЕННОСТЬ | |
| Начальный элемент ввода | Савинов |
| Часть имени, кроме начального элемента ввода | В. И. |
| Расширение инициалов личного имени | Владимир Иванович |
| 701 #1 - ИМЯ ЛИЦА - АЛЬТЕРНАТИВНАЯ ОТВЕТСТВЕННОСТЬ | |
| Начальный элемент ввода | Кочнева |
| Часть имени, кроме начального элемента ввода | И. Б. |
| Расширение инициалов личного имени | Ирина Борисовна |
| 701 #1 - ИМЯ ЛИЦА - АЛЬТЕРНАТИВНАЯ ОТВЕТСТВЕННОСТЬ | |
| Начальный элемент ввода | Каленков |
| Часть имени, кроме начального элемента ввода | А. Н. |
| Расширение инициалов личного имени | Александр Николаевич |
| 942 ## - ДОПОЛНИТЕЛЬНЫЕ ЭЛЕМЕНТЫ ЗАПИСИ (АБИС) | |
| Тип экземпляра АБИС | Книга |
| 980 ## - КОЛЛЕКЦИЯ | |
| Название коллекции | НБР |
Нет доступных экземпляров.